000
00308nam a2200109Ia 4500
008
200302s9999 xx 000 0 und d
100
_a
R. S. Deshpande
245
_a
Cheap & Healthy Homes for the Middle Classess of India 4th ed.
260
_b
United Book Corporation Poona
260
_c
1946
300
_a
192 P.,
999
_c
5219
_d
5219